সচিত্র গুলজারনগর / (Record no. 10322)

MARC details
000 -LEADER
fixed length control field 00845nam a22001937a 4500
001 - CONTROL NUMBER
control field BD-DhSAU 10322
003 - CONTROL NUMBER IDENTIFIER
control field BD-DhSAU
005 - DATE AND TIME OF LATEST TRANSACTION
control field 20150627104619.0
008 - FIXED-LENGTH DATA ELEMENTS--GENERAL INFORMATION
fixed length control field 150530b1982 bg ||||| |||| 00| 0 eng d
040 ## - CATALOGING SOURCE
Original cataloging agency BD-DhSAU
082 ## - DEWEY DECIMAL CLASSIFICATION NUMBER
Edition number 22
Classification number ...
Item number সচিত্র
245 ## - TITLE STATEMENT
Title সচিত্র গুলজারনগর /
Statement of responsibility, etc. চিত্তরঞ্জন বন্দ্যোপাধ্যায় সম্পাদিত
250 ## - EDITION STATEMENT
Edition statement পুস্তক বিপনি সংস্করণ।
260 ## - PUBLICATION, DISTRIBUTION, ETC. (IMPRINT)
Place of publication, distribution, etc. কলিকাতা :
Name of publisher, distributor, etc. পুস্তক বিপনি,
Date of publication, distribution, etc. ১৯৮২.
300 ## - PHYSICAL DESCRIPTION
Extent ১৫৫ পৃ। :
Dimensions ২২ সে মি।
590 ## - Name of Cataloguer
Name of Cataloger Jerin
700 ## - ADDED ENTRY--PERSONAL NAME
Personal name বন্দ্যোপাধ্যায়, চিত্তরঞ্জন বন্দ্যোপাধ্যায়
942 ## - ADDED ENTRY ELEMENTS (KOHA)
Source of classification or shelving scheme Dewey Decimal Classification
Koha item type Book
Holdings
Withdrawn status Lost status Source of classification or shelving scheme Damaged status Not for loan Collection code Home library Branch Name Shelving location Date acquired Total Checkouts Full call number Barcode Date last seen Price effective from Koha item type
    Dewey Decimal Classification   Not For Loan Reference SAU Library SAU Library Reference 23/06/1995   ... সচিত্র 18990 27/06/2015 27/06/2015 Book